Ibsen. Four Major Plays (Запис № 580587)
[ простий вигляд ]
| 000 -Лідер | |
|---|---|
| fixed length control field | 02074nam a22002897a 4500 |
| 001 - Контрольний номер | |
| control field | 2162214035926770 |
| 003 - Ідентифікатор контрольного номера | |
| control field | UA-OsUOA |
| 005 - Дата та час останнього входження (трансакції) | |
| control field | 20260428141240.0 |
| 008 - Елементи даних фіксованої довжини – загальна інформація | |
| fixed length control field | 260428b -us||||| |||| 00| ddeng d |
| 020 ## - Міжнародний стандартний книжковий номер (ISBN) | |
| Міжнародний стандартний книжковий номер (ISBN) (НП) | 0451524063 |
| 040 ## - Джерело каталогізації | |
| Агенція оригінальної каталогізації | UA-OsUOA |
| Мова каталогізації | eng |
| Агенція, яка здійснювала перезапис | UA-OsUOA |
| Агенція, яка здійснювала модифікацію | UA-OsUOA |
| 041 ## - Код мови | |
| Код мови тексту/ звукової доріжки чи окремого заголовка (П) | eng |
| 080 ## - Індекс Універсальної десяткової класифікації | |
| Індекс Універсальної десяткової класифікації (УДК) (НП) | 821.111(481) |
| 090 ## - Локальний шифр розміщення | |
| Класифікаційний індекс УДК | 821.111(481) |
| Авторський знак (НП) | I-10 |
| 100 ## - Основне введення – ім’я особи | |
| Ім’я особи (НП) | Ibsen H. |
| 9 (RLIN) | 25109 |
| 245 ## - Відомості про назву | |
| Назва (НП) | Ibsen. Four Major Plays |
| Решта назви (НП) | A Doll House; The Wild Duck; Hedda Gabler; The Master Builder |
| Дані про відповідальність (НП) | Henrik Ibsen ; A New Translation with a Foreword by Rolf Fjelde |
| 260 ## - Публікація, розповсюдження і т.п. (Вихідні дані) | |
| Місце публікації, розповсюдження і т.п. (П) | New York |
| -- | London |
| Ім’я/ наймення видавництва, розповсюджувача і т.п. (П) | A Signet Classic |
| Дата публікації, розповсюдження і т.п. (П) | 1965 |
| 300 ## - Фізичний опис | |
| Обсяг | 384 p. |
| 490 ## - Область серії | |
| Позначення і номер тому / порядкове позначення | Volume I |
| 505 ## - Форматована примітка про зміст | |
| Форматована примітка про зміст | Volume I |
| 520 ## - Резюме і т.п. | |
| Резюме, реферат, анотація, тощо (НП) | Henrik Ibsen, the "father of modern drama," revolutionized the theatre by stripping away Victorian illusions to reveal the raw, often uncomfortable truths of human nature. This collection brings together his most iconic works—masterpieces of psychological realism that continue to challenge and haunt audiences today.<br/>The Collection Includes:<br/>A Doll’s House: A landmark of feminist literature, following Nora Helmer as she struggles against social conventions to find her own identity.<br/>The Wild Duck: A tragicomic masterpiece that explores the delicate balance between "the life-lie" and the painful truth within a fragile family.<br/>Hedda Gabler: A chilling psychological portrait of one of literature’s most complex and manipulative protagonists, trapped by her own boredom and social constraints.<br/>The Master Builder: A symbolic and haunting late work about aging, ambition, and the terrifying fear of being replaced by the younger generation.<br/>Themes: Individual freedom, the hypocrisy of bourgeois society, the burden of the past, and the high cost of personal truth. |
| 650 ## - Додаткове предметне введення – тематичний термін | |
| Джерело заголовка чи терміна | UDC |
| Тематичний термін чи географічна назва, як елемент введення (НП) | 821 Художня література окремими мовами і мовними сім'ями |
| 9 (RLIN) | 17 |
| 700 1# - Додаткове введення – ім'я особи | |
| Ім’я особи (НП) | Fjelde R. |
| 9 (RLIN) | 25110 |
| 942 ## - Додаткові елементи входу (Коха) | |
| Source of classification or shelving scheme | Universal Decimal Classification |
| Тип елемента Koha | Книги |
| 955 ## - Код типу видання за змістом | |
| Код типу видання за змістом (НП) | Літературно-художні видання |
| Стан вилучень | Стан втрат | Джерело класифікації або схеми стелажів | Стан уражень | Не для кредиту | Постійне місце розташування | Поточне розміщення | Дата придбання | Вартість, звичайна ціна покупки | Інвентарний номер | Усього замовленно | Повний номер виклику | Штрих-код | Дата останнього перегляду | Вартість, ціна заміни | Ціна ефективна від | Тип елемента Koha |
|---|---|---|---|---|---|---|---|---|---|---|---|---|---|---|---|---|
| Universal Decimal Classification | ВІЛ - Відділ іноземн. літератури НБ | ВІЛ - Відділ іноземн. літератури НБ | 28/04/2026 | 40.00 | 204040 | 821.111(481) I-10 | 204040 | 28/04/2026 | 40.00 | 28/04/2026 | Книги | |||||
| Universal Decimal Classification | ВІЛ - Відділ іноземн. літератури НБ | ВІЛ - Відділ іноземн. літератури НБ | 28/04/2026 | 40.00 | 204038 | 821.111(481) I-10 | 204038 | 28/04/2026 | 40.00 | 28/04/2026 | Книги | |||||
| Universal Decimal Classification | ВІЛ - Відділ іноземн. літератури НБ | ВІЛ - Відділ іноземн. літератури НБ | 28/04/2026 | 40.00 | 204037 | 821.111(481) I-10 | 204037 | 28/04/2026 | 40.00 | 28/04/2026 | Книги | |||||
| Universal Decimal Classification | ВІЛ - Відділ іноземн. літератури НБ | ВІЛ - Відділ іноземн. літератури НБ | 28/04/2026 | 40.00 | 204032 | 821.111(481) I-10 | 204032 | 28/04/2026 | 40.00 | 28/04/2026 | Книги |